Statistiques concernant Retrouvez le Pokémon dessiné par une I.A.

Cliquez ici pour prendre le quiz!

Statistiques générales

  • Ce quiz a été pris 87 fois
  • Le résultat moyen est 10 sur 15

Statistiques - réponses

Réponse% Correct
Bulbizarre
100%
Fantominus
94%
Kyogre
90%
Togepi
90%
Onix
88%
Ho-Oh
80%
Simiabraz
78%
Mimiqui
69%
Xerneas
63%
Lugulabre
59%
Nostenfer
55%
Corvaillus
54%
Altaria
49%
Luxray
48%
Métalosse
35%

Distribution des résultats

Percentile par nombre de réponses

% des personnes avec chaque résultat

Votre développement - résultats

Vous n’avez pas pris ce quiz